01386nam a2200169 a 450000100100000000500170001000800410002702000180006804000250008611000500011124500740016124600470023526000700028230000270035250000250037950508120040400003853120210420113210.0130412s2009 xxuacd 000 0 spa d a9789280644760 aDO-SdBNPbspacBNPHU aFondo de las Naciones Unidas para la Infancia13aLa infancia y el SIDA :bcuarto inventario de la situación, 2009 /.10aCuarto inventario de la situación, 2009. aNew York :bFondo de las Naciones Unidas para la Infancia,c2009. a52 p. :bil. ;c30 cm. aTexto a dos columnas0 tIntroducción --tPrevención de la transmisión de madre a hijo --tTratamiento y atención pediátrica --tPrevenir la infección entre los adolescentes y los jóvenes --tProtección, atención y apoyo para los niños y niñas afectados por el VIH y el SIDA --tSupervisión y evaluación de programas --tInversión : lo que necesitan las mujeres y la infancia --tLlamamiento a la acción --tReferencias --tAnexo : notas sobre los datos --tObjetivo 1. Prevenir la transmisión de madre a hijo en los países de bajos y mediados ingresos --tObjetivo 2. Tratamiento pediátrico en los países de bajos y medianos ingresos --tObjetivo 3. Prevenir la infección entre los adolescentes y los jóvenes--tObjetivo 4. Proteges y apoyar a los niños afectados por el VIH y el SIDA --